Herbert von Karajan the reference collection, Volume I : his legacy for Home Video

Το διαχρονικό έργο του Herbert von Karajan σε ψηφιακή μορφή με ήχο και εικόνα. Οι καλύτερες εκτελέσεις των μεγαλύτερων μουσικών έργων της ανθρωπότητας τώρα σε μοναδική και ανεπανάληπτη συλλογή DVD....

Πλήρης περιγραφή

Αποθηκεύτηκε σε:
Λεπτομέρειες βιβλιογραφικής εγγραφής
Συλλογικό Έργο: Sony Clasical (Firm), Wiener Philharmoniker, Berliner Philharmoniker
Άλλοι συγγραφείς: Karajan, Herbert von
Μορφή: Διαφάνειες
Γλώσσα:Greek
English
Δημοσίευση: [S.l.] : Sony Classical,
Θέματα:
Ετικέτες: Προσθήκη ετικέτας
Δεν υπάρχουν, Καταχωρήστε ετικέτα πρώτοι!

MARC

LEADER 00000cgm a2200000 i 4500
001 1/44107
008 070510s
035 |l 10087776 
040 |a GR-MyUa  |b gre  |e AACR2 
041 0 |a gre  |a eng 
082 0 |a 784.2  |2 (22) 
245 0 0 |a Herbert von Karajan   |h [μαγνητοσκόπηση] :   |b the reference collection, Volume I : his legacy for Home Video /   |c Sony Classical ; Wiener Philarmoniker ; Berliner Philarmoniker. 
260 |a [S.l.] :   |b Sony Classical,  
300 |a 6 βιντεοδίσκοι :   |b ομιλ., έγχρ. ;   |c 4 3/4 ίν. 
500 |a Συνοδευτικό CD του περιοδικού HITECH. 
505 0 |a Disc 1: "New Year's Concert" Vienna 1987/Johann Strauss (Father and Son), Josef Strauss -- Disc 2: Ludwig Van Beethoven, Symphonies No 4 & 5 -- Disc 3: Wolfgang Amandeus Mozart, Don Giovanni -- Disc 4: Peter Tchaikovsky, Symphony No 6 "Pathetique" -- Disc 5: Giuseppe Verdi, Requiem --Disc 6: Debussy, La Mer (Prelude a l'apres-midi d'un faune), Ravel, Daphnis et Chloe (Suite No 2) 
520 |a Το διαχρονικό έργο του Herbert von Karajan σε ψηφιακή μορφή με ήχο και εικόνα. Οι καλύτερες εκτελέσεις των μεγαλύτερων μουσικών έργων της ανθρωπότητας τώρα σε μοναδική και ανεπανάληπτη συλλογή DVD. 
538 |a DVD format 
600 1 0 |a Beethoven, Ludwig van,   |d 1770-1827. 
600 1 0 |a Mozart, Wolfgang Amadeus,   |d 1756-1791. 
600 1 0 |a Verdi, Giuseppe,   |d 1813-1901. 
600 1 0 |a Karajan, Herbert von. 
600 1 0 |a Tchaikovsky, Peter Ilich,   |d 1840-1893. 
600 1 0 |a Debussy, Claude,   |d 1862-1918. 
600 1 0 |a Ravel, Maurice,   |d 1875-1937. 
600 1 0 |a Strauss, Johann,   |d 1825-1899. 
600 1 0 |a Strauss, Josef,   |d 1827-1870. 
610 2 0 |a Berliner Philharmoniker. 
650 0 0 |a Music. 
650 0 0 |a Orchestral music. 
650 0 0 |a Symphonies. 
700 1 |a Karajan, Herbert von. 
710 2 |a Sony Clasical (Firm) 
710 2 |a Wiener Philharmoniker. 
710 2 |a Berliner Philharmoniker. 
852 |a INST  |b LESVOS  |c AV  |e 20070510  |h 784.2 HER  |p 005100038360  |q 005100038360  |t DVD  |y 23  |z disc.1 
852 |a INST  |b LESVOS  |c AV  |e 20070510  |h 784.2 HER  |p 005100038361  |q 005100038361  |t DVD  |y 23  |z disc.2 
852 |a INST  |b LESVOS  |c AV  |e 20070510  |h 784.2 HER  |p 005100038362  |q 005100038362  |t DVD  |y 23  |z disc.3 
852 |a INST  |b LESVOS  |c AV  |e 20070510  |h 784.2 HER  |p 005100038363  |q 005100038363  |t DVD  |y 23  |z disc.4 
852 |a INST  |b LESVOS  |c AV  |e 20070510  |h 784.2 HER  |p 005100038364  |q 005100038364  |t DVD  |y 23  |z disc.5 
852 |a INST  |b LESVOS  |c AV  |e 20070510  |h 784.2 HER  |p 005100038365  |q 005100038365  |t DVD  |y 23  |z disc.6 
852 |a INST  |b LESVOS  |c AV  |e 20070510  |h 784.2 HER  |p 005100038360  |q 005100038360  |t DVD  |v disc.1:  |y 23  |z disc.1 
852 |a INST  |b LESVOS  |c AV  |e 20070510  |h 784.2 HER  |p 005100038361  |q 005100038361  |t DVD  |v disc.2:  |y 23  |z disc.2 
852 |a INST  |b LESVOS  |c AV  |e 20070510  |h 784.2 HER  |p 005100038362  |q 005100038362  |t DVD  |v disc.3:  |y 23  |z disc.3 
852 |a INST  |b LESVOS  |c AV  |e 20070510  |h 784.2 HER  |p 005100038363  |q 005100038363  |t DVD  |v disc.4:  |y 23  |z disc.4 
852 |a INST  |b LESVOS  |c AV  |e 20070510  |h 784.2 HER  |p 005100038364  |q 005100038364  |t DVD  |v disc.5:  |y 23  |z disc.5 
852 |a INST  |b LESVOS  |c AV  |e 20070510  |h 784.2 HER  |p 005100038365  |q 005100038365  |t DVD  |v disc.6:  |y 23  |z disc.6 
853 |a INST  |b LESVOS  |c AV  |h 784.2 HER 
901 |a BIBL1-2007-2 
970 |a ΚΑΡΑ  |b ΓΙΑΣΕΜΗ  |z 2007/05/10